| 000 | 01331nam0a2200373 4500 | ||
|---|---|---|---|
| 001 | RU\NLR\bibl\1314133 | ||
| 005 | 20250615154939.0 | ||
| 010 |
_a978-5-88373-148-7 _91000 |
||
| 035 | _a(nilc)EL/0000211772 | ||
| 035 | _aRU\LSL\TAT_B\2216 | ||
| 035 | _aRU\LSL\Books\2527608 | ||
| 035 | _a(NLR Aleph) 001299535 | ||
| 090 |
_a610354 _c610354 |
||
| 100 | _a20080721d2007 |||y0rusy50 ca | ||
| 101 | 0 | _arus | |
| 102 | _aRU | ||
| 105 | _aa z ||||| | ||
| 200 | 1 |
_aТехнология творения _e"Господи! Я понял, как Ты творишь Мир!" _fВиктор Нилов |
|
| 210 |
_aМосква _cКанон+ _d2007 |
||
| 215 |
_a335 с. _cил. _d25 |
||
| 320 | _aБиблиогр.: с. 324-329 (133 назв.) | ||
| 320 | _aПредм. указ.: 330-332 | ||
| 606 | 1 |
_aВселенная _xПроисхождение _xНаучные и религиозные взгляды _91407373 _3RU\NLR\auth\66280746 |
|
| 686 |
_aЮ212 _vLBC/SL _2rubbk |
||
| 686 |
_a02.15 _2rugasnti |
||
| 686 |
_aЭ212.4 _bВ6 |
||
| 700 | 1 |
_aНилов _bВ. _gВиктор _4070 |
|
| 801 | 0 |
_aRU _bНБ Казанского ГУ _c20080721 _gRCR |
|
| 801 | 1 |
_aRU _bНБ Казанского ГУ _c20080829 _gRCR |
|
| 801 | 2 |
_aRU _bNLR _c20081101 _grcr |
|
| 942 | _cBOOK | ||
| 980 | _aNB | ||